Chainsaw Man Arcs - Statistics

General Stats
  • This quiz has been taken 125 times
  • The average score is 6 of 14
Answer Stats
Chapters Answer % Correct
39-52 Bomb Girl Arc
70%
71-79 Gun Devil Arc
70%
80-97 Control Devil Arc
63%
53-70 International Assassins Arc
60%
13-21 Eternity Devil Arc
57%
5-12 Bat Devil Arc
54%
22-38 Katana Man Arc
53%
121-131 Falling Devil Arc
40%
1-4 Introduction Arc
37%
98-111 Justice Devil Arc
36%
156-190 Aging Devil Arc
28%
132-155 Chainsaw Man Church Arc
28%
191- Current Arc
17%
112-120 Dating Denji Arc
17%
No matching quizzes found
Score Distribution
Percent of People with Each Score
Percentile by Number Answered
Your Score History
You have not taken this quiz